| 000 | 00523nam a22001577a 4500 | ||
|---|---|---|---|
| 008 | 131220b xxu||||| |||| 00| 0 eng d | ||
| 020 | _a0947833307 | ||
| 050 | _aLE1028.M965 | ||
| 100 |
_aMunn,. Pamela _96486 |
||
| 245 |
_aUsing questionnaires in small-scale research _bA teachers' guide _cPamela Munn |
||
| 260 |
_aEdinburgh _bScottish Council for Research in Education _c1990 |
||
| 300 |
_avi; 66p.; _c21cm |
||
| 440 |
_aSCRE publications n.104 _96487 |
||
| 650 |
_aEducational research _96488 |
||
| 942 |
_2lcc _cMONOGRAPH |
||
| 999 |
_c119493 _d119493 |
||